000
00452nam a22001457a 4500
005
20120411131349.0
020
_c
00.00
035
_a
569416
037
_a
DPL
_b
ENG
100
_a
Smelson, M.
_9
44962
245
_a
Sociology an intro /
_c
by M. Smelson
300
_a
744p.
_c
18 cms.
942
_2
ddc
_c
EN
_h
301
_m
SMI
999
_c
64866
_d
64866